| 000 | 00682nam a2200217 u 4500 | ||
|---|---|---|---|
| 005 | 20240802063710.0 | ||
| 008 | 090603s2006 r 000 0 eng d | ||
| 020 | _a9706417370 | ||
| 035 | _aUPN01000170931 | ||
| 049 | _aI | ||
| 050 | 4 |
_aPZ76.3 _bT4.3 |
|
| 100 | 1 | _aTenorio, Miguel Angel | |
| 245 | 1 | 4 |
_a¡El cielo se va a caer! / _cMiguel Angel Tenorio ; il. de Patricia Hernández Ramírez. |
| 260 |
_aMéxico : _bProgreso, _cc2006. |
||
| 300 |
_a103 p. : _bil. |
||
| 440 | 0 | _aRehilete | |
| 500 | _aNovela basada en el cuento popular : el pollito Pito | ||
| 650 | 0 |
_aAnimales _vCuentos y leyendas _9234 |
|
| 650 | 4 |
_aLiteratura infantil mexicana _910209 |
|
| 905 | _aInfantil | ||
| 999 |
_c143036 _d143036 |
||